Theatre in colonial India : (Record no. 30875)

MARC details
000 -LEADER
fixed length control field 01041nam a22002777a 4500
005 - DATE AND TIME OF LATEST TRANSACTION
control field 20091010122212.0
008 - FIXED-LENGTH DATA ELEMENTS--GENERAL INFORMATION
fixed length control field 091010t xxu||||| |||| 00| 0 eng d
010 ## - LCCN (DPL NO)
LC control number ENG-95117
020 ## - INTERNATIONAL STANDARD BOOK NUMBER
International Standard Book Number 0198060971
Terms of availability 895.00
020 ## - INTERNATIONAL STANDARD BOOK NUMBER
International Standard Book Number 9780198063469
Terms of availability 895.00
035 ## - SYSTEM CONTROL NUMBER
System control number EN-78650
037 ## - SOURCE OF ACQUISITION
Source of stock number/acquisition DBAD/PUB
040 ## - CATALOGING SOURCE
Original cataloging agency DPL
Language of cataloging ENG
082 ## - DEWEY DECIMAL CLASSIFICATION NUMBER
Classification number 792.0954
245 ## - TITLE STATEMENT
Title Theatre in colonial India :
Statement of responsibility, etc edited by Lata Singh
Remainder of title play-house of power
246 ## - VARYING FORM OF TITLE
Title proper/short title Play-house of power
260 ## - PUBLICATION, DISTRIBUTION, ETC. (IMPRINT)
Place of publication, distribution, etc New Delhi
Name of publisher, distributor, etc Oxford University Press
Date of publication, distribution, etc 2009
270 ## - ADDRESS
Address YMCA Library Building , Jai Shingh Road,
City New Delhi
Postal code 110001
300 ## - PHYSICAL DESCRIPTION
Extent vi, 354p.
Dimensions 22cm.(Hb)
500 ## - GENERAL NOTE
General note Includes glossary
650 ## - SUBJECT ADDED ENTRY--TOPICAL TERM
Topical term or geographic name as entry element Theater
Geographic subdivision India
General subdivision History
Chronological subdivision 19th century.
650 ## - SUBJECT ADDED ENTRY--TOPICAL TERM
Topical term or geographic name as entry element Women in the theater
Geographic subdivision India
General subdivision History
700 ## - ADDED ENTRY--PERSONAL NAME
Personal name Singh, Lata
942 ## - ADDED ENTRY ELEMENTS (KOHA)
Source of classification or shelving scheme Dewey Decimal Classification
Item type English Books
Call number suffix LAT
Classification part 792.0954
Holdings
Withdrawn status Lost status Source of classification or shelving scheme Damaged status Not for loan Collection code Home library Current library Date acquired Source of acquisition Cost, normal purchase price Total Checkouts Full call number Barcode Date last seen Copy number Cost, replacement price Koha item type
    Dewey Decimal Classification   Not For Loan Non-fiction D.B.Act.Division D.B.Act.Division 10/10/2009 DBAD / PUB 895.00   792.0954 LAT EN-78650 10/10/2009 1 895.00 English Books

© Delhi Public Library
Hit Counter
free hit counter